| 000 | 00523cam a2200181ua 4500 | ||
|---|---|---|---|
| 020 |
_a81-203-1467-0 _c325.00 |
||
| 041 |
_aeng _h |
||
| 082 |
_a005.265 _bBRE/PR |
||
| 100 | _aBrey, Barry B. | ||
| 245 |
_aProgramming the 80286,80386, 80486 and pentium based personal computer / _cBarry B Brey. _hTextual Documents |
||
| 250 |
_a1 / _b. |
||
| 260 |
_aNew Delhi : _bPrentice Hall of India Pvt Ltd. , _c2001. |
||
| 300 |
_a786 ; _eCD ROM. |
||
| 365 | _a325.00 | ||
| 504 | _a | ||
| 942 | _cBK | ||
| 999 |
_c5588 _d5588 |
||